00226nam a2200097Ia 4500008004100000041000800041082001500049100001900064245002100083260002400104231212s1998 xx 000 0 und d aeng a623.380422 aChoudhary M.A. aElectrical Engg. aPunebLaxmi Pc1998